Nadie se conoce

שמור ב:
מידע ביבליוגרפי
מחבר ראשי: Babarovic, Natalia (Author)
פורמט: ספר
שפה:ספרדית
יצא לאור: Santiago Saposcat 2018
מהדורה:1a. ed
נושאים:
תגים: הוספת תג
אין תגיות, היה/י הראשונ/ה לתייג את הרשומה!

MARC

LEADER 00000cam a2200000 a 4500
001 UCC7634
003 CL-VaPUC
008 190427e20180000cl |||||||||||||||||spa|d
020 |a 9789569866067 
082 0 4 |a 709.83  |b BAB  |2 21 
100 0 |a Babarovic, Natalia  |e author  |9 602307 
245 1 0 |a Nadie se conoce 
250 |a 1a. ed 
300 |a 215 p 
942 |c BK 
945 |d 20190427 02:22:00  |a dcastane 
260 |a Santiago  |b Saposcat  |c 2018 
650 0 |a Artistas chilenos  |9 344566 
650 0 |a Arte contemporáneo chileno  |9 464579 
583 |a last modification  |c 20190427 02:22:00  |k Rodrigo Vera 
999 |c 374227  |d 374225 
952 |0 0  |1 0  |3 erb  |4 0  |6 709_830000000000000_BAB_2018  |7 0  |8 R  |9 492716  |a BIBART  |b BIBART  |i 5544335  |l 15  |m 4  |o 709.83 BAB 2018  |p 5544335  |r 2025-03-27  |s 2025-03-26  |w 2019-11-24  |y BK_R  |z Catalogado en:20190427  |k ART